000 00724nam a2200205 a 4500
005 20210519141432.0
008 210519s1998 quc |||gr|||| 00| 0 fre d
020 _a2891274393
040 _aCO-BoUCM
_bspa
_cDeissy Garcia
_dDeissy Garcia
041 0 _afre
245 0 3 _aLe fédéralisme de demain
_bréformes essentielles
_cGérald-A. Beaudoin ... [y otros.]
260 _aMontréal
_bWilson & Lafleur
_c1998
300 _axv, 419 páginas
504 _aIncluye referencias bibliográficas
650 7 _915622
_aFederalismo
_zCanadá
650 7 _916478
_aGobierno federal
_zCanadá
700 1 _aBeaudoin, Gérald A.
_996413
942 _cLIBRO
_2DEWEY
_a8
_e1
_h342.71
_mF287
_n0
999 _c317247
_d317247